Využívanie vybraných nástrojov na znižovanie rizík v obchodných vzťahoch v Pankl Automotive Slovakia s.r.o.
Salvato in:
| Autore principale: | |
|---|---|
| Altri autori: | |
| Natura: | Manoscritto Libro |
| Lingua: | slovacco |
| Pubblicazione: |
2025
|
| Soggetti: | |
| Accesso online: | http://is.stuba.sk/zp/portal_zp.pl?podrobnosti=193243 |
| Tags: |
Nessun Tag, puoi essere il primo ad aggiungerne!!
|
MARC
| LEADER | 00000ntm a22000003a 4500 | ||
|---|---|---|---|
| 001 | stuzp103658 | ||
| 003 | SK-STU | ||
| 005 | 20250614212127.2 | ||
| 007 | ta | ||
| 008 | 150427s2015----xo-----f-mn---000-0-slo-d | ||
| 040 | |a STU |b slo | ||
| 041 | 0 | |a slo | |
| 100 | 1 | |a Klačanský, Ivan |u 064000 |4 aut |U MTF Materiálovotechnologická fakulta |T MTF Ústav priemyselného inžinierstva a manažmentu |X 122272 |U M4000 |Y 84 |7 122272 | |
| 242 | 0 | 1 | |a Using selected tools to reduce risks in business relationships at Pankl Automotive Slovakia s.r.o. |y eng |
| 245 | 1 | 0 | |a Využívanie vybraných nástrojov na znižovanie rizík v obchodných vzťahoch v Pankl Automotive Slovakia s.r.o. |
| 260 | |c 2025 | ||
| 650 | 4 | |a exchange rate risk |2 eng | |
| 650 | 4 | |a non-payment risk |2 eng | |
| 650 | 4 | |a risk management tools |2 eng | |
| 650 | 4 | |a risk management |2 eng | |
| 650 | 4 | |a risk |2 eng | |
| 650 | 4 | |a kurzové riziko |2 slo | |
| 650 | 4 | |a riziko nezaplatenia |2 slo | |
| 650 | 4 | |a nástroje riadenia rizík |2 slo | |
| 650 | 4 | |a riadenie rizík |2 slo | |
| 650 | 4 | |a riziko |2 slo | |
| 700 | 1 | |a Vaňová, Jaromíra |u 064000 |k Z1 |4 ths |U MTF Materiálovotechnologická fakulta |T MTF Ústav priemyselného inžinierstva a manažmentu |X 2877 |U M4000 |Y 84 |7 A000002877 | |
| 856 | 4 | |u http://is.stuba.sk/zp/portal_zp.pl?podrobnosti=193243 | |
| 996 | |c M* DP-15572 |l MMSKP |s P |a 0 |w stuzp103658_0001 | ||